000 00800nam a2200217Ia 4500
003 GCL
008 140319s9999 xx 000 0 ara d
020 _a5220314977
040 _aGCL /
_cGCL
082 0 4 _a371.102
_bت م
100 1 _aتغريد عمران
245 1 0 _aمسيرة التدريس عبر مائة عام من التحديات و التغيرات :
_b( نموذج مقترح لتفعيل دور التدريس فى الحياة المعاصرة ) /
_cتغريد عمران
250 _aالاولى
260 _aالقاهرة :
_bزهراء الشرق ،
_c2004
300 _a129 ص ؛
_c24 سم
650 0 4 _aالتدريس
650 0 4 _aالتعليم - مناهج
650 0 4 _aالتعليم - تاريخ
650 0 4 _aتنمية المهارات
942 _2ddc
_cBK
999 _c51118
_d51118